000 00634nam a22001937a 4500
003 OSt
005 20251201135018.0
008 251201b |||||||| |||| 00| 0 eng d
020 _a987-971-518-986-6
040 _aDWCL - Main
_cOC
082 _2Filipino edition
_aF C883c 2021
100 _aHidalgo, Cristina Pantoja
_eAuthor
245 _aCatch A Falling Star /
_cCristina Pantoja Hidalgo
250 _aFilipino edition
260 _aQuezon City, Philippines;
_bPrecious Pages Corporation,
_cc2021.
300 _a240 pages:
_billustration;
_c20cm
650 _a1. Fiction -- Life Stories
942 _2ddc
_cFIC.
_eFilipino edition
_n0
999 _c6660
_d6660